| 000 | 00923nam a22002417a 4500 | ||
|---|---|---|---|
| 005 | 20090828135149.0 | ||
| 008 | 090828t xxu||||| |||| 00| 0 eng d | ||
| 010 | _aENG-94950 | ||
| 020 |
_a9788179102497 _c700.00 |
||
| 035 | _aEN-78483 | ||
| 037 | _bDBAD / PUB | ||
| 040 |
_adpl _bEnglish |
||
| 082 | _a628.5 | ||
| 100 | _aSoni, Vinod | ||
| 245 |
_aText book of environmental biotechnology / _cby Vinod Soni [and] Vinay Sharma |
||
| 260 |
_aJaipur _bAavishkar Publishers, Distributors _c2008 |
||
| 270 |
_a807, Vyas Building, Chaura Rasta, _bJaipur _e302003 |
||
| 300 |
_axvi, 224p.: _bill. _c23cm(Hb) |
||
| 500 | _aIncludes bibliographical references | ||
| 700 | _aSharma, Vinay | ||
| 942 |
_2ddc _cEN _mSON _h628.5 |
||
| 999 |
_c29735 _d29735 |
||